00621nam a2200217 a 4500001001300000003000900013005001700022008004100039020002400080082001600104100001800120245007200138260003200210300000900242500003500251505003300286650002300319650002600342650001700368700001800385nice12345678IN_TiNIC20260116013119.0050524s2000 lona grp 000 0 eng  a0700772 c322200a297.82bTUR aTurner, Colin aIslam Without Allah? Rise of Religious Externalism in Safavid Iran. aLondonbCurzon Press c2000 a272p aincludes index and biblioraphy2 aSelected Bibliography, Index aShiah-Iran-Safavid aIslam-History-Safavid aIran-Safavid1 aTurner, Colin